| 000 | 00566nam a2200205Ia 4500 | ||
|---|---|---|---|
| 003 | IN-BaIIA | ||
| 008 | 211028s9999 xx 000 0 eng d | ||
| 020 | _a978-0-470-38771-9 | ||
| 040 | _cIIA Library | ||
| 080 |
_a535.215.2 _bMIL |
||
| 100 |
_aMilonni, Peter W _921026 |
||
| 245 | 0 |
_aLaser physics _cPeter W. Milonni and J. H. Eberly |
|
| 260 |
_aNew Jersey _bJohn Wiley & Sons _c2010 |
||
| 300 | _axiv, 830p. | ||
| 650 |
_aLasers _93580 |
||
| 650 |
_aNonlinear optics _95388 |
||
| 650 | _aPhysical optics | ||
| 700 |
_aEberly, Joseph H. _935449 |
||
| 942 | _cBK | ||
| 999 |
_c18453 _d18453 |
||